000 01610nam a22002417a 4500
999 _c60185
_d60185
003 Ge_BSU
005 20230615160642.0
008 230615s2001 ge ||||| |||| 00| 0 geo d
020 _a9992898208
041 _ageo
080 _a392.31(=353.1) ე-78
100 _aერიაშვილი, ჟუჟუნა
_918743
245 _aტრადიციული სოციალურ-რელიგიური ინსტიტუტების გენეზისი და ძველი მოსახლეობის ტომობრივი სტრუქტურა აღმოსავლეთ საქართველოს მთიანეთში /
_cჟუჟუნა ერიაშვილი ; [რედ.: თ. ოჩიაური, ი. სურგულაძე] ; საქ. მეცნ. აკად., ისტორიისა და ეთნოლოგიის ინ-ტი.
264 _aთბილისი :
_bქრონოგრაფი,
_c2001.
300 _a236 გვ. ;
_b20 სმ.
504 _a ბიბლიოგრ. თავების ბოლოს
520 _aრეზ. გერმ. ენ.
653 _aნათესაური ურთიერთობები აღმოსავლეთ საქართველოს მთიანეთში
653 _aფშავ-ხევსურეთი
700 _aოჩიაური, თ.
_eრედაქტორი
_918744
700 _aსურგულაძე, ი.
_eრედაქტორი.
_918745
942 _2udc
_cBK